European Council of Geodetic Surveyors (Record no. 119904)

MARC details
000 -LEADER
fixed length control field 00799cam a2200217 4500
001 - CONTROL NUMBER
control field WS114703
008 - FIXED-LENGTH DATA ELEMENTS--GENERAL INFORMATION
fixed length control field 010921n 000 0 eng u
035 ## - SYSTEM CONTROL NUMBER
System control number (Sirsi) u114703
110 ## - MAIN ENTRY--CORPORATE NAME
Corporate name or jurisdiction name as entry element European Council of Geodetic Surveyors
9 (RLIN) 4137
245 ## - TITLE STATEMENT
Title European Council of Geodetic Surveyors
520 ## - SUMMARY, ETC.
Summary, etc. Web site for this organisation representing geodetic surveyors in Europe including details of their qualifications and reports.
650 ## - SUBJECT ADDED ENTRY--TOPICAL TERM
Topical term or geographic name entry element ORGANISATION
650 ## - SUBJECT ADDED ENTRY--TOPICAL TERM
Topical term or geographic name entry element EUROPE
650 ## - SUBJECT ADDED ENTRY--TOPICAL TERM
Topical term or geographic name entry element INTERNATIONAL
650 ## - SUBJECT ADDED ENTRY--TOPICAL TERM
Topical term or geographic name entry element COMITE DE LIAISON DES GEOMETRES-EXPERTS EUROPEENS
650 ## - SUBJECT ADDED ENTRY--TOPICAL TERM
Topical term or geographic name entry element EUROPEAN GEODETIC SURVEYOR
650 ## - SUBJECT ADDED ENTRY--TOPICAL TERM
Topical term or geographic name entry element GEOMETRE EXPERT
690 ## - LOCAL SUBJECT ADDED ENTRY--TOPICAL TERM (OCLC, RLIN)
Topical term or geographic name as entry element Geomatics
9 (RLIN) 6242
856 40 - ELECTRONIC LOCATION AND ACCESS
Uniform Resource Identifier <a href="https://www.ge.ucl.ac.uk/clge">https://www.ge.ucl.ac.uk/clge</a>
Public note View the website free of charge at www.ge.ucl.ac.uk/clge...
942 ## - ADDED ENTRY ELEMENTS (KOHA)
Suppress in OPAC 0
Holdings
Withdrawn status Lost status Source of classification or shelving scheme Damaged status Not for loan Home library Current library Shelving location Date acquired Total Checkouts Full call number Barcode Date last seen Copy number Price effective from Koha item type
    Dewey Decimal Classification     Virtual Virtual Online 21/09/2001   WEB SITE 114703-2001 06/08/2019 1 06/08/2019 Online material